Domáci trh s bankovými zárukami ožíva
Oživenie slovenského trhu s bankovými zárukami. Z histórie poskytovania bankových záruk. Poplatky obchodníka, ktorý zadáva príkaz na vystavenie záruky banke. Nedôvera niektorých firiem. V stavebníctve je banková záruka samozrejmosťou. Cena za istotu. Vystavenie záruky. Špecifiká záruk. Pokusy o zneu...
Salvato in:
| Autore principale: | |
|---|---|
| Natura: | Capitolo di libro |
| Lingua: | slovacco |
| Soggetti: | |
| Tags: |
Nessun Tag, puoi essere il primo ad aggiungerne!!
|
MARC
| LEADER | 00000naa$a2200000$$$4500 | ||
|---|---|---|---|
| 001 | 0003569 | ||
| 005 | 20230921115041.5 | ||
| 041 | 0 | |a slo | |
| 044 | |a SK | ||
| 245 | 1 | 0 | |a Domáci trh s bankovými zárukami ožíva |c aut. Martina Kláseková |
| 520 | |a Oživenie slovenského trhu s bankovými zárukami. Z histórie poskytovania bankových záruk. Poplatky obchodníka, ktorý zadáva príkaz na vystavenie záruky banke. Nedôvera niektorých firiem. V stavebníctve je banková záruka samozrejmosťou. Cena za istotu. Vystavenie záruky. Špecifiká záruk. Pokusy o zneužitie. Slovenské banky, ktoré vystavujú záruky. | ||
| 610 | 2 | 0 | |a záruka |
| 610 | 2 | 0 | |a banky |
| 610 | 2 | 0 | |a trh vnútorný |
| 610 | 2 | 0 | |a ceny |
| 100 | 1 | |a Kláseková, Martina | |